COMMENTARIUM PRO RELIGIOSIS ET MISSIONARIIS. GENNAIO DICEMBRE 1950. (Record n. 330636)
[ formato base ]
| 000 -LEADER | |
|---|---|
| fixed length control field | 01740nas a2200277Ia 4500 |
| 001 - CONTROL NUMBER | |
| control field | R050-S2038 |
| 003 - CONTROL NUMBER IDENTIFIER | |
| control field | IT-CnALBA |
| 008 - FIXED-LENGTH DATA ELEMENTS--GENERAL INFORMATION | |
| fixed length control field | 170116c99999999xx |||||||||||| ||und|| |
| 040 ## - CATALOGING SOURCE | |
| Original cataloging agency | IT-CnALBA |
| Transcribing agency | IT-CnALBA |
| 041 ## - LANGUAGE CODE | |
| Language code of text/sound track or separate title | LATINO |
| 999 ## - SYSTEM CONTROL NUMBERS (KOHA) | |
| Koha Dewey Subclass [OBSOLETE] | NO |
| 100 ## - MAIN ENTRY--PERSONAL NAME | |
| Personal name | PIO XII, PAPA PACELLI EUGENIO. |
| 210 ## - ABBREVIATED TITLE | |
| Abbreviated title | COMMENTARIUM PRO RELIGIOSIS ET MISSIONARIIS |
| 222 ## - KEY TITLE | |
| Key title | COMMENTARIUM PRO RELIGIOSIS ET MISSIONARIIS |
| 245 #0 - TITLE STATEMENT | |
| Title | COMMENTARIUM PRO RELIGIOSIS ET MISSIONARIIS. GENNAIO DICEMBRE 1950. |
| 250 ## - EDITION STATEMENT | |
| Edition statement | 1a ed. |
| 260 ## - PUBLICATION, DISTRIBUTION, ETC. (IMPRINT) | |
| Place of publication, distribution, etc. | ROMA |
| Name of publisher, distributor, etc. | VATICANA - LIBR. EDITR. POLIGL. |
| Date of publication, distribution, etc. | 1950 [1° Ed.:1950 - Ed.Ling.Originale: 1950] |
| 300 ## - PHYSICAL DESCRIPTION | |
| Extent | 316 p. (prefazione: 16) |
| 310 ## - CURRENT PUBLICATION FREQUENCY | |
| Current publication frequency | BIMESTRALE |
| 362 ## - DATES OF PUBLICATION AND/OR SEQUENTIAL DESIGNATION | |
| Dates of publication and/or sequential designation | Fascicolo: 1-6 / Anno: 31 (1950) |
| 500 ## - GENERAL NOTE | |
| General note | RIVISTA PER RELIGIOSI E MISSIONARI EDITA DAI FIGLI DEL CUORE DELLA BEATA VERGINE MARIA. ATTI DOCUMENTI CONSULTAZIONI STUDI INDICE SISTEMATICO. PERSONE. BOLLA DEL GIUBILEO. DECRETO DEL S. OFFICIO SUL COMUNISMO. DECRETO DELLA CONGREGAZIONE DEL CONCILIO SULLA FACOLTÀ DI LEGIFERARE SULLE MESSE. STUDI CANONICI. SULLA DISPENSA DEI VOTI RISERVATI E SUL CELIBATO. ASSOCIAZIONI RELIGIOSE PRESSO GLI ANGLICANI. |
| 501 ## - WITH NOTE | |
| With note | Società San Paolo EM - Piazza San Paolo, 14 - 12051 ALBA (CN) (non commercial uses only) ® Copyright 2017 |
| 520 ## - SUMMARY, ETC. | |
| Summary, etc. | RIVISTA PER RELIGIOSI E MISSIONARI EDITA DAI FIGLI DEL CUORE DELLA BEATA VERGINE MARIA. ATTI DOCUMENTI CONSULTAZIONI STUDI INDICE SISTEMATICO. PERSONE. BOLLA DEL GIUBILEO. DECRETO DEL S. OFFICIO SUL COMUNISMO. DECRETO DELLA CONGREGAZIONE DEL CONCILIO SULLA FACOLTÀ DI LEGIFERARE SULLE MESSE. STUDI CANONICI. SULLA DISPENSA DEI VOTI RISERVATI E SUL CELIBATO. ASSOCIAZIONI RELIGIOSE PRESSO GLI ANGLICANI. |
| 650 ## - SUBJECT ADDED ENTRY--TOPICAL TERM | |
| Topical term or geographic name as entry element | MISSIOLOGIA |
| 942 ## - ADDED ENTRY ELEMENTS (KOHA) | |
| Koha item type | RIVISTA |
| 957 ## - | |
| -- | 1 |
| 999 ## - SYSTEM CONTROL NUMBERS (KOHA) | |
| -- | 1 |
| Withdrawn status | Lost status | Damaged status | Not for loan | Home library | Current library | Date acquired | Total Checkouts | Full call number | Date last seen | Price effective from | Koha item type | Public note |
|---|---|---|---|---|---|---|---|---|---|---|---|---|
| Buone Condizioni | Not For Loan | ALBA - Biblioteca | ALBA - Biblioteca | 16/01/2017 | R050-S2038 | 16/01/2017 | 16/01/2017 | RIVISTA | (data import: 16 gennaio 2017) - By Epidotti, Vaglietti. |